| 000 | 00372 a2200133 4500 | ||
|---|---|---|---|
| 005 | 20250618125013.0 | ||
| 082 | _aLM 620.104 WIR | ||
| 100 | _aWIRSCHING, P. H. | ||
| 245 | _aEngineering Mechanics: Volume II Dynamics | ||
| 260 |
_aBoston, _bAllyn and Bacon, _c1965. |
||
| 300 |
_aix, 356p.: ill.; figure, table. _bIndex. _c24cm. |
||
| 700 | _aMURDOCK, J. W. | ||
| 942 |
_2ddc _cBKS |
||
| 999 |
_c4296 _d4296 |
||